[Event "4NCL Division 1 & 2"]
[Site "Milton Keynes, ENG"]
[Date "2021.11.28"]
[Round "2.11"]
[White "Speelman, Jon S"]
[Black "Gormally, Daniel W"]
[Result "1/2-1/2"]
[WhiteElo "2503"]
[BlackElo "2478"]
[PlyCount "39"]
[EventDate "2021.11.28"]
[WhiteTeam "Wood Green"]
[BlackTeam "Blackthorne Russia"]

1. Nf3 Nf6 2. c4 g6 3. b3 Bg7 4. Bb2 O-O 5. e3 e6 6. Be2 d5 7. O-O b6 8. d4
Nbd7 9. cxd5 Nxd5 10. Nc3 Nxc3 11. Bxc3 Bb7 12. Rc1 Rc8 13. b4 c5 14. dxc5 bxc5
15. Bxg7 Kxg7 16. Bb5 Bxf3 17. Qxf3 cxb4 18. Rcd1 Rc7 19. Qf4 Qc8 20. Bxd7
1/2-1/2

[Event "4NCL Division 1 & 2"]
[Site "Milton Keynes, ENG"]
[Date "2021.11.28"]
[Round "2.12"]
[White "Bates, Richard A"]
[Black "Harvey, Marcus R"]
[Result "1-0"]
[WhiteElo "2475"]
[BlackElo "2468"]
[PlyCount "159"]
[EventDate "2021.11.28"]
[WhiteTeam "Blackthorne Russia"]
[BlackTeam "Wood Green"]

1. d4 Nf6 2. Nf3 e6 3. c4 b6 4. g3 Bb4+ 5. Bd2 Bxd2+ 6. Qxd2 Bb7 7. Bg2 O-O 8.
O-O d6 9. Nc3 Ne4 10. Qc2 Nxc3 11. Qxc3 Nd7 12. Rfd1 a5 13. Rac1 Re8 14. b3 Qe7
15. a3 e5 16. dxe5 Nxe5 17. Nh4 Bxg2 18. Nxg2 Ng4 19. Nf4 Nf6 20. Nd5 Nxd5 21.
cxd5 Rac8 22. e3 Qe5 23. Rd4 Re7 24. Qd3 g6 25. Rdc4 Qb2 26. a4 Kg7 27. R4c3
Re5 28. R3c2 Qa3 29. Kg2 Re7 30. Qc3+ Kg8 31. Ra1 Qb4 32. Qxb4 axb4 33. Rc4 Re5
34. Rd1 c5 35. dxc6 Rc5 36. Rxb4 R8xc6 37. Rbd4 Rc3 38. b4 b5 39. axb5 Rb6 40.
Rxd6 Rxb5 41. Rb1 Rc8 42. Rd4 Rc2 43. h4 h6 44. g4 Kg7 45. Kg3 Rc6 46. f4 Rc8
47. g5 Rcb8 48. Kf3 R5b7 49. Ke2 Kh7 50. Kd3 Kg7 51. Rb2 Kh7 52. e4 Kg7 53. Kc3
hxg5 54. hxg5 Kf8 55. Rd5 Re8 56. Kd4 Ra8 57. Rb3 Ra1 58. b5 Ra4+ 59. Kd3 Ke7
60. Rc5 Kd7 61. Ke3 Ra1 62. Kd4 Ra4+ 63. Ke5 Rb6 64. f5 gxf5 65. exf5 Ke8 66.
Rc6 Rb8 67. Kf6 Kf8 68. Rbc3 Raa8 69. Rc7 Kg8 70. Rxf7 Rxb5 71. g6 Rb6+ 72. Kg5
Rb1 73. Rfc7 Rbb8 74. f6 Rd8 75. Kh6 Ra6 76. Rc8 Rad6 77. Rxd8+ Rxd8 78. f7+
Kf8 79. Kh7 Ra8 80. g7+ 1-0

[Event "4NCL Division 1 & 2"]
[Site "Milton Keynes, ENG"]
[Date "2021.11.28"]
[Round "2.13"]
[White "Tan, Justin"]
[Black "Ledger, Andrew J"]
[Result "1/2-1/2"]
[WhiteElo "2527"]
[BlackElo "2401"]
[PlyCount "72"]
[EventDate "2021.11.28"]
[WhiteTeam "Wood Green"]
[BlackTeam "Blackthorne Russia"]

1. e4 e5 2. Nf3 Nf6 3. Nxe5 d6 4. Nf3 Nxe4 5. d4 d5 6. Bd3 Bd6 7. O-O O-O 8. c4
c6 9. Nc3 Re8 10. Qc2 Bf5 11. Re1 Bb4 12. a3 Bxc3 13. bxc3 Nd7 14. Rb1 b6 15.
Bf4 Bg6 16. Re3 Nef6 17. Bxg6 hxg6 18. Rxe8+ Qxe8 19. Re1 Qf8 20. Qa4 b5 21.
Qa6 bxc4 22. Qxc6 Re8 23. Ra1 Re6 24. Qc7 Qa8 25. Ng5 Rc6 26. Qa5 Qb7 27. Qd8+
Nf8 28. Re1 Rc8 29. Qa5 Re8 30. Rf1 Ne6 31. Nxe6 Rxe6 32. h3 Qa6 33. Qb4 Rb6
34. Qe7 Re6 35. Qb4 Rb6 36. Qe7 Re6 1/2-1/2

[Event "4NCL Division 1 & 2"]
[Site "Milton Keynes, ENG"]
[Date "2021.11.28"]
[Round "2.14"]
[White "Webb, Laurence E"]
[Black "McPhillips, Joseph"]
[Result "1/2-1/2"]
[WhiteElo "2256"]
[BlackElo "2419"]
[PlyCount "31"]
[EventDate "2021.11.28"]
[WhiteTeam "Blackthorne Russia"]
[BlackTeam "Wood Green"]

1. Nf3 c5 2. b3 d6 3. Bb2 e5 4. e3 Nc6 5. d4 cxd4 6. exd4 e4 7. Nfd2 d5 8. c4
Nf6 9. cxd5 Nxd5 10. Bc4 Nf4 11. O-O Qg5 12. g3 Nh3+ 13. Kg2 Nf4+ 14. Kg1 Nh3+
15. Kg2 Nf4+ 16. Kg1 1/2-1/2

[Event "4NCL Division 1 & 2"]
[Site "Milton Keynes, ENG"]
[Date "2021.11.28"]
[Round "2.15"]
[White "Haria, Ravi"]
[Black "Duncan, Chris R"]
[Result "1/2-1/2"]
[WhiteElo "2497"]
[BlackElo "2245"]
[PlyCount "38"]
[EventDate "2021.11.28"]
[WhiteTeam "Wood Green"]
[BlackTeam "Blackthorne Russia"]

1. Nf3 d5 2. g3 Bg4 3. Bg2 e6 4. c4 c6 5. cxd5 Bxf3 6. Bxf3 cxd5 7. O-O Nf6 8.
d3 Nc6 9. Bg2 Be7 10. a3 O-O 11. b4 a5 12. b5 Nb8 13. a4 Nbd7 14. Bb2 Rc8 15.
Nd2 Qc7 16. Nb3 Bb4 17. e4 Qc2 18. Ra2 Nb6 19. exd5 Nbxd5 1/2-1/2

[Event "4NCL Division 1 & 2"]
[Site "Milton Keynes, ENG"]
[Date "2021.11.28"]
[Round "2.16"]
[White "Ledger, Dave J"]
[Black "Aagaard, Jacob"]
[Result "1/2-1/2"]
[WhiteElo "2222"]
[BlackElo "2459"]
[PlyCount "60"]
[EventDate "2021.11.28"]
[WhiteTeam "Blackthorne Russia"]
[BlackTeam "Wood Green"]

1. e4 c5 2. Nf3 d6 3. d4 cxd4 4. Nxd4 Nf6 5. Nc3 a6 6. Be3 e6 7. Qd2 b5 8. f3
Nbd7 9. g4 Nb6 10. g5 Nfd7 11. a3 Bb7 12. Rg1 Rc8 13. Qg2 Ne5 14. Rd1 Be7 15.
f4 Nec4 16. Bc1 O-O 17. Rd3 Na4 18. Nxa4 bxa4 19. Rh3 d5 20. e5 Bc5 21. Bd3 g6
22. c3 Nxe5 23. fxe5 Bxd4 24. cxd4 Rxc1+ 25. Kd2 Rxg1 26. Qxg1 Qa5+ 27. Kd1 Rc8
28. Qf2 Qd8 29. Rg3 Qb6 30. Bb1 Rc4 1/2-1/2

[Event "4NCL Division 1 & 2"]
[Site "Milton Keynes, ENG"]
[Date "2021.11.28"]
[Round "2.17"]
[White "Hunt, Harriet V"]
[Black "Eames, Robert S"]
[Result "1-0"]
[WhiteElo "2410"]
[BlackElo "2251"]
[PlyCount "85"]
[EventDate "2021.11.28"]
[WhiteTeam "Wood Green"]
[BlackTeam "Blackthorne Russia"]

1. e4 e5 2. Nf3 Nc6 3. Bb5 f5 4. Nc3 fxe4 5. Nxe4 Nf6 6. Qe2 d5 7. Nxf6+ gxf6
8. d4 Bg7 9. dxe5 O-O 10. e6 Ne5 11. O-O c6 12. Bd3 Bxe6 13. Nd4 Bg4 14. f3 Bd7
15. Bf5 Re8 16. f4 Qb6 17. Qf2 Ng4 18. Bxg4 Bxg4 19. h3 Bd7 20. c3 c5 21. Nb3
Bb5 22. Rd1 c4 23. Nd4 Re4 24. Be3 Rae8 25. Re1 Bd7 26. Rad1 Qa6 27. a3 f5 28.
Nf3 Qd6 29. g3 Ba4 30. Rc1 b6 31. Bd4 Qg6 32. Bxg7 Qxg7 33. Ng5 R4e7 34. Rxe7
Qxe7 35. Nf3 Qc5 36. Nd4 Bd7 37. Qf3 Re4 38. Rd1 b5 39. Qh5 Qe7 40. Kf2 a5 41.
Nxf5 Bxf5 42. Qxf5 Re2+ 43. Kf1 1-0

[Event "4NCL Division 1 & 2"]
[Site "Milton Keynes, ENG"]
[Date "2021.11.28"]
[Round "2.18"]
[White "Gamal, Alaa"]
[Black "McDonald, Neil"]
[Result "0-1"]
[WhiteElo "1878"]
[BlackElo "2407"]
[PlyCount "78"]
[EventDate "2021.11.28"]
[WhiteTeam "Blackthorne Russia"]
[BlackTeam "Wood Green"]

1. d4 f5 2. c4 Nf6 3. Nc3 d6 4. g3 g6 5. Bg2 Bg7 6. Bg5 O-O 7. Qc1 Nc6 8. Nf3
e5 9. dxe5 dxe5 10. Nd5 e4 11. Nd2 Be6 12. Nxf6+ Bxf6 13. Bxf6 Qxf6 14. O-O
Rad8 15. Re1 Qd4 16. Nb3 Qxc4 17. Nc5 b6 18. Qxc4 Bxc4 19. Rac1 Bxa2 20. Ne6
Bxe6 21. Rxc6 Rd6 22. Rxc7 Rf7 23. Rec1 Rxc7 24. Rxc7 a5 25. e3 Rd1+ 26. Bf1 f4
27. h4 f3 28. Rc2 Bh3 29. Kh2 Bxf1 30. Rc8+ Kf7 31. Rc7+ Ke6 32. Rxh7 Bd3 33.
g4 Rd2 34. Kg3 Rxb2 35. Rh6 a4 36. Rxg6+ Kf7 37. h5 a3 38. Rg5 a2 39. h6 a1=Q
0-1

[Event "4NCL Division 1 & 2"]
[Site "Milton Keynes, ENG"]
[Date "2021.11.28"]
[Round "2.21"]
[White "Czopor, Maciej"]
[Black "Lupulescu, Constantin"]
[Result "0-1"]
[WhiteElo "2427"]
[BlackElo "2624"]
[PlyCount "52"]
[EventDate "2021.11.28"]
[WhiteTeam "Wood Green Youth"]
[BlackTeam "Chess.com Manx Liberty"]

1. e4 e6 2. d4 d5 3. Nd2 c5 4. Ngf3 cxd4 5. Nxd4 Nc6 6. Bb5 Bd7 7. Nxc6 Bxc6 8.
Bxc6+ bxc6 9. c4 Qa5 10. O-O Nf6 11. Qc2 Qa6 12. b3 Be7 13. Bb2 O-O 14. Rad1
Rfd8 15. exd5 cxd5 16. Bxf6 Bxf6 17. cxd5 Rac8 18. Qb1 Rxd5 19. Ne4 Bd4 20. Rd2
h6 21. Qd1 Rcd8 22. Qf3 Be5 23. Rc2 Bxh2+ 24. Kxh2 Qxf1 25. Rc7 Rf5 26. Qg4 Qb5
0-1

[Event "4NCL Division 1 & 2"]
[Site "Milton Keynes, ENG"]
[Date "2021.11.28"]
[Round "2.22"]
[White "Parligras, Mircea-Emilian"]
[Black "Horton, Andrew P"]
[Result "1-0"]
[WhiteElo "2576"]
[BlackElo "2375"]
[PlyCount "85"]
[EventDate "2021.11.28"]
[WhiteTeam "Chess.com Manx Liberty"]
[BlackTeam "Wood Green Youth"]

1. d4 Nf6 2. c4 e6 3. Nc3 Bb4 4. Qc2 d5 5. cxd5 Qxd5 6. e3 c5 7. a3 Bxc3+ 8.
bxc3 Nc6 9. Bb2 Qd6 10. Nf3 O-O 11. c4 Rd8 12. Rd1 Qe7 13. Bd3 h6 14. O-O b6
15. Ne5 Nxe5 16. dxe5 Ne8 17. Bh7+ Kf8 18. Rxd8 Qxd8 19. Be4 Rb8 20. Bc6 g6 21.
Rd1 Qe7 22. e4 Qc7 23. Ba4 a6 24. Qd2 g5 25. h4 b5 26. cxb5 axb5 27. Bc2 Qe7
28. Bc1 Ra8 29. Qe2 Ng7 30. hxg5 h5 31. Qxb5 Ba6 32. Qc6 Bb7 33. Qb6 Kg8 34.
Be3 Rc8 35. a4 Kh7 36. a5 Rc6 37. Qd8 Qxd8 38. Rxd8 Ra6 39. Bd2 c4 40. Rd7 c3
41. Bxc3 Rc6 42. Rxb7 Rxc3 43. Ba4 1-0

[Event "4NCL Division 1 & 2"]
[Site "Milton Keynes, ENG"]
[Date "2021.11.28"]
[Round "2.23"]
[White "Fitzsimons, David"]
[Black "Cyborowski, Lukasz"]
[Result "1/2-1/2"]
[WhiteElo "2370"]
[BlackElo "2491"]
[PlyCount "38"]
[EventDate "2021.11.28"]
[WhiteTeam "Wood Green Youth"]
[BlackTeam "Chess.com Manx Liberty"]

1. e4 c6 2. Nc3 d5 3. Nf3 dxe4 4. Nxe4 Nf6 5. Qe2 Nxe4 6. Qxe4 Nd7 7. Bc4 Nf6
8. Ne5 e6 9. Qf4 b5 10. Be2 Qc7 11. d4 Nd5 12. Qf3 Bd6 13. Bd2 O-O 14. c4 bxc4
15. Nxc4 Ba6 16. Nxd6 Bxe2 17. Qxe2 Qxd6 18. O-O Rfd8 19. Rac1 Rab8 1/2-1/2

[Event "4NCL Division 1 & 2"]
[Site "Milton Keynes, ENG"]
[Date "2021.11.28"]
[Round "2.24"]
[White "Csonka, Balazs"]
[Black "Toma, Katarzyna"]
[Result "1/2-1/2"]
[WhiteElo "2483"]
[BlackElo "2418"]
[PlyCount "41"]
[EventDate "2021.11.28"]
[WhiteTeam "Chess.com Manx Liberty"]
[BlackTeam "Wood Green Youth"]

1. e4 c5 2. Nf3 d6 3. d4 cxd4 4. Nxd4 Nf6 5. Nc3 a6 6. Bg5 e6 7. f4 Be7 8. Qf3
h6 9. Bh4 g5 10. fxg5 Nfd7 11. Qh5 Ne5 12. Bg3 Bxg5 13. Rd1 Qb6 14. Nb3 Nbd7
15. Be2 Nf6 16. Qh3 Bd7 17. Bf2 Qc7 18. O-O Bc6 19. Bh4 Ke7 20. Nd4 Rag8 21.
Kh1 1/2-1/2

[Event "4NCL Division 1 & 2"]
[Site "Milton Keynes, ENG"]
[Date "2021.11.28"]
[Round "2.25"]
[White "Willow, Jonah B"]
[Black "Galyas, Miklos"]
[Result "1/2-1/2"]
[WhiteElo "2350"]
[BlackElo "2450"]
[PlyCount "44"]
[EventDate "2021.11.28"]
[WhiteTeam "Wood Green Youth"]
[BlackTeam "Chess.com Manx Liberty"]

1. e4 g6 2. d4 Bg7 3. Nc3 c6 4. f4 d5 5. e5 Nh6 6. Be2 f6 7. Nf3 Bg4 8. h3 Bxf3
9. Bxf3 e6 10. Ne2 O-O 11. O-O Nf5 12. c3 Nd7 13. Qe1 fxe5 14. fxe5 c5 15. Nf4
Qe7 16. g4 Nh4 17. Bh1 g5 18. Nd3 h6 19. Bd2 Rxf1+ 20. Qxf1 Rf8 21. Qe2 Ng6 22.
Rf1 Rxf1+ 1/2-1/2

[Event "4NCL Division 1 & 2"]
[Site "Milton Keynes, ENG"]
[Date "2021.11.28"]
[Round "2.26"]
[White "Turner, Matthew J"]
[Black "Derakhshani, Borna"]
[Result "1/2-1/2"]
[WhiteElo "2474"]
[BlackElo "2353"]
[PlyCount "83"]
[EventDate "2021.11.28"]
[WhiteTeam "Chess.com Manx Liberty"]
[BlackTeam "Wood Green Youth"]

1. Nf3 d5 2. g3 Nf6 3. Bg2 c6 4. O-O Bg4 5. d3 Nbd7 6. Nbd2 e6 7. h3 Bh5 8. e4
Ne5 9. Qe1 Nxf3+ 10. Nxf3 Be7 11. b3 O-O 12. Bb2 Nd7 13. Nd2 Qa5 14. a3 Bf6 15.
e5 Be7 16. Kh2 Bg6 17. f4 Rae8 18. Nf3 Qxe1 19. Raxe1 c5 20. g4 h6 21. Nd2 b5
22. Kg3 Bh7 23. Rf2 Rb8 24. f5 Bd8 25. b4 a5 26. Nb3 axb4 27. axb4 cxb4 28. Bd4
Rc8 29. h4 Bc7 30. Kh3 h5 31. gxh5 Bxf5+ 32. Rxf5 exf5 33. Bxd5 Nb6 34. Bb7 Rb8
35. Bf3 Rfe8 36. Bc6 Re6 37. Bxb5 Rh6 38. Nc5 Nd5 39. Bd7 Rd8 40. Rf1 Nb6 41.
e6 Nxd7 42. exd7 1/2-1/2

[Event "4NCL Division 1 & 2"]
[Site "Milton Keynes, ENG"]
[Date "2021.11.28"]
[Round "2.27"]
[White "O'Donnell, Conor"]
[Black "Kolbus, Dietmar"]
[Result "1/2-1/2"]
[WhiteElo "2309"]
[BlackElo "2298"]
[PlyCount "51"]
[EventDate "2021.11.28"]
[WhiteTeam "Wood Green Youth"]
[BlackTeam "Chess.com Manx Liberty"]

1. c4 c6 2. Nf3 d5 3. e3 Nf6 4. Nc3 a6 5. d4 g6 6. Ne5 Bg7 7. Qb3 O-O 8. Be2
Ra7 9. O-O Be6 10. c5 Nbd7 11. Nxd7 Bxd7 12. Bd2 Re8 13. f4 Bg4 14. Bxg4 Nxg4
15. Qc2 Nh6 16. b4 f6 17. a4 e5 18. Qd3 exd4 19. exd4 Qd7 20. Rae1 Rxe1 21.
Rxe1 f5 22. Rb1 Nf7 23. Ne2 Nd8 24. Re1 Ra8 25. Nc1 Ne6 26. Nb3 1/2-1/2

[Event "4NCL Division 1 & 2"]
[Site "Milton Keynes, ENG"]
[Date "2021.11.28"]
[Round "2.28"]
[White "Akeya-Price, Robert"]
[Black "Dias, Savin"]
[Result "0-1"]
[WhiteElo "1942"]
[BlackElo "2141"]
[PlyCount "106"]
[EventDate "2021.11.28"]
[WhiteTeam "Chess.com Manx Liberty"]
[BlackTeam "Wood Green Youth"]

1. d4 Nf6 2. c4 g6 3. Nf3 Bg7 4. g3 d6 5. Bg2 Nbd7 6. O-O O-O 7. b3 c5 8. Bb2
cxd4 9. Nxd4 a5 10. Nc3 Nc5 11. a3 Qb6 12. Ndb5 Bd7 13. b4 Ne6 14. Na4 Qa6 15.
Qd3 Bc6 16. e4 axb4 17. axb4 Qxa4 18. Ra2 Qa3 19. Rxa3 Ra7 20. Ra4 Rxa4 21. Qb3
Rfa8 22. Nc3 Nd4 23. Qd1 Rxb4 24. Ba1 Rxc4 25. Qd3 Rb4 26. e5 dxe5 27. Bxc6
bxc6 28. Rb1 Rxb1+ 29. Qxb1 Nd5 30. Ne4 h6 31. Kg2 Ra5 32. h4 f5 33. Nd2 Rb5
34. Qa2 Bf6 35. Qa8+ Kg7 36. Bxd4 exd4 37. Qxc6 Nc3 38. Nc4 d3 39. Qf3 Rd5 40.
Nd2 Rd6 41. h5 Ne4 42. Nc4 Rd4 43. Ne3 e6 44. hxg6 d2 45. g4 fxg4 46. Qxg4 Nc5
47. Qf3 Nd3 48. Qd1 Bg5 49. Qa1 Bxe3 50. fxe3 Nf4+ 51. Kg3 d1=Q 52. Qxd4+ Qxd4
53. exd4 Ne2+ 0-1

[Event "4NCL Division 1 & 2"]
[Site "Milton Keynes, ENG"]
[Date "2021.11.28"]
[Round "2.31"]
[White "Wadsworth, Matthew J"]
[Black "Murphy, Conor E"]
[Result "1/2-1/2"]
[WhiteElo "2419"]
[BlackElo "2421"]
[PlyCount "227"]
[EventDate "2021.11.28"]
[WhiteTeam "Guildford Young Guns"]
[BlackTeam "Cambridge University 1"]

1. Nf3 d5 2. g3 Nc6 3. d4 Bf5 4. Bg2 Nb4 5. Na3 e6 6. O-O Be7 7. c3 Nc6 8. Nc2
Nf6 9. b3 h5 10. Ne3 Be4 11. h3 Rg8 12. Bb2 g5 13. Nd2 Bxg2 14. Kxg2 Bd6 15.
Qc2 Ne7 16. c4 Bf4 17. Kh2 Bxe3 18. fxe3 Nf5 19. Rxf5 exf5 20. Qxf5 Rg6 21. e4
dxe4 22. d5 Qd7 23. Qf2 Qd6 24. Rf1 h4 25. Nxe4 hxg3+ 26. Nxg3 Qf4 27. Qg1 Qd6
28. c5 Qe7 29. d6 cxd6 30. Nf5 Qxe2+ 31. Rf2 Qe6 32. Bxf6 Kd7 33. Bb2 g4 34.
hxg4 f6 35. Qg2 Rh8+ 36. Kg1 Rxg4 37. Qxg4 Rg8 38. Qxg8 Qxg8+ 39. Kf1 dxc5 40.
Bxf6 c4 41. bxc4 Qxc4+ 42. Kg1 b5 43. Ne3 Qc1+ 44. Nf1 a5 45. Rd2+ Ke6 46. Bd4
b4 47. Kf2 a4 48. Be3 Qc4 49. Ng3 a3 50. Bd4 b3 51. axb3 Qxb3 52. Ne2 Kf5 53.
Nc3 Kg4 54. Ke3 Qe6+ 55. Kd3 Qa6+ 56. Ke3 Qe6+ 57. Kf2 Qc6 58. Ra2 Qd6 59. Ke3
Qa6 60. Kd2 Qc4 61. Be3 Qb4 62. Kc2 Qe7 63. Bc1 Qh7+ 64. Kb3 Qf7+ 65. Kxa3 Qa7+
66. Kb2 Qb7+ 67. Ka1 Qh1 68. Ra4+ Kf5 69. Kb2 Qg2+ 70. Kb3 Qg8+ 71. Kc2 Qg2+
72. Bd2 Ke5 73. Ra5+ Kd4 74. Rg5 Qc6 75. Rg4+ Ke5 76. Be3 Qf3 77. Rg5+ Ke6 78.
Kd2 Qh1 79. Ne2 Qh2 80. Rh5 Qg2 81. Bd4 Kd6 82. Ke3 Qg6 83. Rd5+ Kc6 84. Re5
Kd6 85. Ra5 Qe6+ 86. Kd2 Qc4 87. Be5+ Ke7 88. Bc3 Qg4 89. Nd4 Qf4+ 90. Kc2 Qe4+
91. Kb3 Qb1+ 92. Kc4 Qf1+ 93. Kc5 Qg1 94. Ra6 Qg5+ 95. Kb4 Qg4 96. Kb5 Qh5+ 97.
Kb6 Qh3 98. Bb4+ Kf6 99. Bd6 Qd3 100. Ra4 Qb1+ 101. Rb4 Qg1 102. Bc5 Qg8 103.
Nc6 Qa2 104. Rf4+ Kg5 105. Rf2 Qb3+ 106. Kc7 Qd5 107. Bd6 Qc4 108. Kd7 Qb5 109.
Rg2+ Kf5 110. Ra2 Qb7+ 111. Bc7 Ke4 112. Ra4+ Ke3 113. Rb4 Qa6 114. Bb6+
1/2-1/2

[Event "4NCL Division 1 & 2"]
[Site "Milton Keynes, ENG"]
[Date "2021.11.28"]
[Round "2.32"]
[White "Bisby, Daniel L"]
[Black "Hebden, Mark L"]
[Result "0-1"]
[WhiteElo "2314"]
[BlackElo "2449"]
[PlyCount "110"]
[EventDate "2021.11.28"]
[WhiteTeam "Cambridge University 1"]
[BlackTeam "Guildford Young Guns"]

1. d4 Nf6 2. c4 g6 3. Nc3 Bg7 4. e4 d6 5. Be2 O-O 6. Be3 c5 7. e5 Ne8 8. dxc5
Bxe5 9. Nf3 Bxc3+ 10. bxc3 Qa5 11. h4 dxc5 12. h5 Nf6 13. hxg6 hxg6 14. Kf1 Rd8
15. Qc1 Bg4 16. Bg5 Nbd7 17. Qf4 Qxc3 18. Rc1 Qb2 19. Re1 Qc2 20. Rh4 Qf5 21.
Qh2 Bh5 22. Rf4 Qc2 23. Qh4 Qc3 24. g4 Nxg4 25. Rxg4 Bxg4 26. Qxg4 Nf6 27. Qh4
Rd6 28. Bf4 Re6 29. Ng5 Rxe2 30. Rxe2 Qxc4 31. Bg3 Qxh4 32. Bxh4 Kf8 33. Nf3
Nd5 34. Rd2 Rd8 35. Ke1 Ke8 36. Ne5 g5 37. Bxg5 f6 38. Nd3 fxg5 39. Nxc5 b6 40.
Ne6 Rd6 41. Nxg5 Nc3 42. Rxd6 exd6 43. a3 Ke7 44. Nf3 Nb5 45. a4 Nc3 46. Nd4 a5
47. Kd2 Nxa4 48. Kd3 Nc5+ 49. Kc4 Ne6 50. Ne2 Nc7 51. f4 b5+ 52. Kb3 Ne6 53. f5
Nc7 54. Nd4 Kf6 55. Ka3 a4 0-1

[Event "4NCL Division 1 & 2"]
[Site "Milton Keynes, ENG"]
[Date "2021.11.28"]
[Round "2.33"]
[White "Clarke, Brandon G I"]
[Black "Hill, Alistair"]
[Result "1-0"]
[WhiteElo "2430"]
[BlackElo "2237"]
[PlyCount "53"]
[EventDate "2021.11.28"]
[WhiteTeam "Guildford Young Guns"]
[BlackTeam "Cambridge University 1"]

1. e4 c5 2. Nf3 Nc6 3. d4 cxd4 4. Nxd4 Nf6 5. Nc3 e5 6. Ndb5 d6 7. Bg5 a6 8.
Na3 b5 9. Nd5 Be7 10. Bxf6 Bxf6 11. c3 Bg5 12. Nc2 Rb8 13. Be2 O-O 14. Qd3 a5
15. Rd1 Be6 16. O-O Kh8 17. Na3 b4 18. Nb5 Qd7 19. Qg3 Bh6 20. Ndc7 Rb6 21.
Rxd6 Nd4 22. cxd4 Rxd6 23. Qxe5 Rb6 24. d5 Bg4 25. f3 Be3+ 26. Kh1 f6 27. fxg4
1-0

[Event "4NCL Division 1 & 2"]
[Site "Milton Keynes, ENG"]
[Date "2021.11.28"]
[Round "2.34"]
[White "Tanmay Chopra"]
[Black "Kilpatrick, Callum"]
[Result "0-1"]
[WhiteElo "2232"]
[BlackElo "2406"]
[PlyCount "64"]
[EventDate "2021.11.28"]
[WhiteTeam "Cambridge University 1"]
[BlackTeam "Guildford Young Guns"]

1. d4 Nf6 2. c4 g6 3. Nc3 d5 4. cxd5 Nxd5 5. e4 Nxc3 6. bxc3 Bg7 7. Qa4+ Nd7 8.
Nf3 O-O 9. Qa3 c5 10. h4 h5 11. Bg5 Nf6 12. Bxf6 exf6 13. Qxc5 Re8 14. Bd3 b6
15. Qb5 f5 16. e5 Bb7 17. Rh3 Rc8 18. Rc1 Qd6 19. Kf1 Qa3 20. Rc2 Qe7 21. Qb3
Red8 22. Ng1 f4 23. Ne2 Bd5 24. c4 Be6 25. Rh1 b5 26. d5 bxc4 27. Bxc4 Bxe5 28.
Rc1 Bf5 29. Rd1 Qc5 30. Ba6 Rb8 31. Qc4 Qa5 32. Ng1 Rb6 0-1

[Event "4NCL Division 1 & 2"]
[Site "Milton Keynes, ENG"]
[Date "2021.11.28"]
[Round "2.35"]
[White "Golding, Alex"]
[Black "Gallagher, Daniel GH"]
[Result "1-0"]
[WhiteElo "2321"]
[BlackElo "2205"]
[PlyCount "89"]
[EventDate "2021.11.28"]
[WhiteTeam "Guildford Young Guns"]
[BlackTeam "Cambridge University 1"]

1. c4 g6 2. Nc3 Bg7 3. d4 Nf6 4. e4 d6 5. Nge2 a6 6. f3 O-O 7. Be3 Nbd7 8. Qd2
b5 9. cxb5 axb5 10. Nxb5 c6 11. Nbc3 e5 12. d5 cxd5 13. Nxd5 Bb7 14. Nec3 Nxd5
15. exd5 Nb6 16. Be2 Nc4 17. Bxc4 Qh4+ 18. g3 Qxc4 19. Rc1 f5 20. b3 Qa6 21.
Kf2 f4 22. gxf4 Qa5 23. a4 Qb4 24. Rhd1 Rac8 25. Ne2 Qxd2 26. Rxd2 exf4 27. Bd4
Rxc1 28. Nxc1 Bh6 29. Bb6 Rf5 30. b4 Rh5 31. Ne2 Bxd5 32. h4 Bc4 33. Bd8 g5 34.
Bxg5 Bxg5 35. hxg5 Rh2+ 36. Kf1 d5 37. b5 d4 38. Rc2 Bd3 39. b6 Rh1+ 40. Kg2
Rb1 41. Rc8+ Kf7 42. Rc7+ Ke8 43. Nxf4 Bf5 44. Rc5 d3 45. Re5+ 1-0

[Event "4NCL Division 1 & 2"]
[Site "Milton Keynes, ENG"]
[Date "2021.11.28"]
[Round "2.37"]
[White "Povah, Nigel E"]
[Black "Robertson, J Stuart"]
[Result "0-1"]
[WhiteElo "2257"]
[BlackElo "2168"]
[PlyCount "106"]
[EventDate "2021.11.28"]
[WhiteTeam "Guildford Young Guns"]
[BlackTeam "Cambridge University 1"]

1. d4 d5 2. Bf4 Nf6 3. e3 e6 4. Nd2 Bd6 5. Bg3 O-O 6. Ngf3 b6 7. c3 Bb7 8. Bd3
Ne4 9. Qe2 c5 10. Rd1 Qe7 11. Bxd6 Qxd6 12. O-O Nd7 13. Ne1 Ndf6 14. Ndf3 Qe7
15. Ne5 Rfc8 16. N1f3 c4 17. Bb1 b5 18. Nd2 Nxd2 19. Qxd2 a5 20. f3 b4 21. Qc2
g6 22. Rde1 a4 23. cxb4 Qxb4 24. a3 Qd6 25. Qc3 Ne8 26. e4 Nc7 27. Ng4 Nb5 28.
Qe3 dxe4 29. fxe4 Rc7 30. Qg5 Qxd4+ 31. Kh1 Qxb2 32. Rf2 Qc3 33. Ref1 Nd6 34.
Nf6+ Kg7 35. Rf3 Ra5 36. Qg3 Qe5 37. Qh4 h5 38. Qf2 Ra8 39. g4 Nxe4 40. Bxe4
Bxe4 41. Nxe4 Qxe4 42. gxh5 g5 43. Qg2 Qd5 44. Kg1 c3 45. Qc2 f5 46. R1f2 Rac8
47. Rg3 Kh7 48. Rxg5 Rg8 49. Rxg8 Kxg8 50. Rg2+ Kh7 51. h3 Qb3 52. Qc1 c2 53.
Kh2 Qb8 0-1

[Event "4NCL Division 1 & 2"]
[Site "Milton Keynes, ENG"]
[Date "2021.11.28"]
[Round "2.38"]
[White "Alldritt, Nigel R E"]
[Black "Kalaiyalahan, Akshaya"]
[Result "1/2-1/2"]
[WhiteElo "2190"]
[BlackElo "2214"]
[PlyCount "89"]
[EventDate "2021.11.28"]
[WhiteTeam "Cambridge University 1"]
[BlackTeam "Guildford Young Guns"]

1. d4 Nf6 2. c4 g6 3. Nc3 Bg7 4. e4 d6 5. Be2 O-O 6. Nf3 e5 7. O-O Nc6 8. d5
Ne7 9. Nd2 Nd7 10. Rb1 f5 11. b4 a5 12. a3 axb4 13. axb4 Kh8 14. Qc2 Rf7 15. f3
f4 16. Nb5 Nf6 17. c5 Ne8 18. Nc4 h5 19. Bd2 g5 20. Ra1 Rb8 21. Ra7 g4 22. Rfa1
g3 23. h3 Bd7 24. cxd6 Bxb5 25. dxe7 Rxe7 26. Bc3 Bxc4 27. Bxc4 Nd6 28. Qa2 Re8
29. Bd3 Qd7 30. Qe2 Kg8 31. b5 Bf8 32. Qb2 Nc8 33. Ra8 Bc5+ 34. Kf1 Rxa8 35.
Rxa8 Bd6 36. Qa1 b6 37. Ke2 Kf7 38. Bc4 Kf6 39. Qc1 Kg6 40. Qa1 h4 41. Qb2 Qe7
42. Bd3 Kf7 43. Bc4 Kg6 44. Bd3 Kf7 45. Bc4 1/2-1/2

[Event "4NCL Division 1 & 2"]
[Site "Milton Keynes, ENG"]
[Date "2021.11.28"]
[Round "2.41"]
[White "Jackson, James P"]
[Black "Adair, James R"]
[Result "1/2-1/2"]
[WhiteElo "2404"]
[BlackElo "2450"]
[PlyCount "48"]
[EventDate "2021.11.28"]
[WhiteTeam "Barbican 4NCL"]
[BlackTeam "Chessable White Rose 1"]

1. d4 Nf6 2. c4 e6 3. Nf3 d5 4. Nc3 a6 5. cxd5 exd5 6. Bg5 c6 7. Qc2 Be6 8. e3
Bd6 9. Bd3 Nbd7 10. O-O h6 11. Bh4 Qc7 12. Ne2 O-O 13. Bg3 Rfe8 14. Bxd6 Qxd6
15. Ng3 Bg4 16. Rac1 a5 17. h3 Be6 18. Nh4 Qe7 19. Nhf5 Qf8 20. Rfe1 Bxf5 21.
Bxf5 g6 22. Bd3 h5 23. Nf1 Rac8 24. Nd2 c5 1/2-1/2

[Event "4NCL Division 1 & 2"]
[Site "Milton Keynes, ENG"]
[Date "2021.11.28"]
[Round "2.42"]
[White "Wells, Peter K"]
[Black "Franklin, Samuel G A"]
[Result "1/2-1/2"]
[WhiteElo "2390"]
[BlackElo "2330"]
[PlyCount "53"]
[EventDate "2021.11.28"]
[WhiteTeam "Chessable White Rose 1"]
[BlackTeam "Barbican 4NCL"]

1. e4 e5 2. Nf3 Nc6 3. Bb5 a6 4. Ba4 Nf6 5. O-O Be7 6. Re1 b5 7. Bb3 d6 8. c3
O-O 9. h3 Nb8 10. d4 Nbd7 11. Nbd2 Bb7 12. Bc2 Re8 13. Nf1 Bf8 14. Ng3 g6 15.
a4 c5 16. d5 c4 17. Bg5 Nc5 18. axb5 axb5 19. Rxa8 Bxa8 20. Qd2 Be7 21. Bh6
Nfd7 22. Ng5 f6 23. Nf3 Nb6 24. Nh4 Nba4 25. Qe2 Bf8 26. Be3 Bb7 27. Nf3
1/2-1/2